000 01280nam0a22003011 4500
001 rc\4760512
005 20250613074753.0
021 _aRU
_b[59-20468]
035 _a(NLR Aleph) 009016558
090 _a9401358
_c9401358
100 _a20130417d1959 |||y0rusy50 ca
101 1 _arus
_cbel
102 _aRU
105 _aa z |||a|
200 1 _aТВТ, или Повесть о том, как пионеры возмутились против гнета вещей и удивили весь мир, как они научились видеть то, чего другие не видят и как Цыбук добывал очки
_f[Авториз. пер. с белорус. А. Тонкеля
_gИл.: С. Спицын]
210 _aЛенинград
_cДетгиз. [Ленингр. отд-ние]
_d1959
215 _a124 с.
_cил.
_d22
225 1 _aШкольная библиотека
_i[Для средней школы]
606 _aПионеры (д. л.)
_2psbo
606 _aТехника (д. л.)
_2psbo
700 1 _aМавр
_bЯ.
_f1883-1971
_gЯнка
702 1 _aСпицын
_bС.
_4440
702 1 _aТонкель
_bА.
_4730
801 0 _aRU
_bNLR
_gpsbo
801 1 _aRU
_bELAR
_2rusmarc
852 _aNLR
_j59-5/1699
942 _cBOOK
980 _aNB